| 000 | 01176cam a2200325 i 4500 | ||
|---|---|---|---|
| 001 | 16203210 | ||
| 003 | EG-ScBUE | ||
| 005 | 20250730092401.0 | ||
| 008 | 100426t2010 flua f b 001 0 eng d | ||
| 020 | _a9781439813324 (pbk. : alk. paper) | ||
| 040 |
_aDLC _beng _erda _cDLC _dDLC _dEG-ScBUE |
||
| 082 | 0 | 4 |
_a541.369 _222 _bPET |
| 100 | 1 |
_aPeters, A. P. H., _eauthor. _938536 |
|
| 245 | 1 | 0 |
_aConcise chemical thermodynamics / _cA. P. H. Peters. |
| 250 | _aThird edition. | ||
| 264 | 1 |
_aBoca Raton : _bCRC Press / Taylor & Francis Group, _c[2010] |
|
| 264 | 4 | _cc2010 | |
| 300 |
_axix, 214 pages : _billustrations ; _c24 cm |
||
| 336 |
_2rdacontent _atext _btxt |
||
| 337 |
_2rdamedia _aunmediated _bn |
||
| 338 |
_2rdacarrier _avolume _bnc |
||
| 500 | _aRev. ed. of: Concise chemical thermodynamics / J.R.W. Warn and A.P.H. Peters. 2nd ed. 2002. | ||
| 504 | _aIncludes bibliographical references and index. | ||
| 650 | 7 |
_aThermodynamics. _2BUEsh _91919 |
|
| 651 | _2BUEsh | ||
| 653 |
_bENGGEN _bENGCHE _cJune2015 _cOctober2015 |
||
| 655 | _vReading book | ||
| 700 | 1 |
_aWarn, J. R. W. _q(John Richard William), _d1935- _tConcise chemical thermodynamics. |
|
| 942 |
_2ddc _cBB |
||
| 999 |
_c19983 _d19955 |
||